Normal view MARC view
  • Chopra ,G.R

Entry Personal Name

Number of records used in: 6

001 - CONTROL NUMBER

  • control field: 5737

003 - CONTROL NUMBER IDENTIFIER

  • control field: OSt

005 - DATE AND TIME OF LATEST TRANSACTION

  • control field: 20200522112207.0

008 - FIXED-LENGTH DATA ELEMENTS

  • fixed length control field: 200522|| aca||aabn | a|a d

040 ## - CATALOGING SOURCE

  • Original cataloging agency: OSt
  • Transcribing agency: OSt

100 ## - HEADING--PERSONAL NAME

  • Personal name: Chopra ,G.R

670 ## - SOURCE DATA FOUND

  • Source citation: Work cat.: (OSt): Chopra ,G.R, The All India Reporter1962 (VOL-49) Suprem Court Section, 1962